Draughtsmanship: drawing techniques for graphic communication in architecture and building. (3rd ed.) (Record no. 75653)

MARC details
000 -LEADER
fixed length control field 01411nam a2200229 a 4500
008 - FIXED-LENGTH DATA ELEMENTS--GENERAL INFORMATION
fixed length control field 120416s1976 ||||||||||||||||| || u
020 ## - INTERNATIONAL STANDARD BOOK NUMBER
International Standard Book Number 0713133686
050 ## - LIBRARY OF CONGRESS CALL NUMBER
Classification number NA 2700 Ree
100 ## - MAIN ENTRY--PERSONAL NAME
Personal name Reekie, Ronald Fraser
245 10 - TITLE STATEMENT
Title Draughtsmanship: drawing techniques for graphic communication in architecture and building. (3rd ed.)
250 ## - EDITION STATEMENT
Edition statement 3rd ed.
260 ## - PUBLICATION, DISTRIBUTION, ETC.
Place of publication, distribution, etc. London:
Name of publisher, distributor, etc. Edward Arnold
Date of publication, distribution, etc. 1976
300 ## - PHYSICAL DESCRIPTION
Extent 248p. : ill.
350 ## -
-- 0.00
650 #0 - SUBJECT ADDED ENTRY--TOPICAL TERM
Topical term or geographic name entry element ARCHITECTURAL DRAWING
995 ## -
-- TEXTBOOKS (SBE)
-- 0.00
-- 5446
-- CBU-SCHOOL TEXTBOOK COLLECTIONS
-- 1
-- 0.00
-- SCHOOL TEXTBOOK
-- 4
-- AVAILABLE
-- Sep 8, 2009
-- 5446
-- School Collections
995 ## -
-- BINDERY (DAMAGED)
-- 0.00
-- 704038
-- CBU-MAIN LIBRARY (Kitwe)
-- 2
-- 17.85
-- NA 2700 Ree
-- 2
-- DAMAGED
-- 704038
-- Main Library Open Access Collection
995 ## -
-- TEXTBOOKS (SBE)
-- 0.00
-- 5505
-- CBU-SCHOOL TEXTBOOK COLLECTIONS
-- 1
-- 0.00
-- SCHOOL TEXTBOOK
-- 6
-- AVAILABLE
-- Sep 10, 2009
-- 5505
-- School Collections
995 ## -
-- BINDERY (DAMAGED)
-- 0.00
-- 707574
-- CBU-MAIN LIBRARY (Kitwe)
-- 1
-- 17.85
-- NA 2700 Ree
-- DAMAGED
-- 010083
-- Main Library Open Access Collection
995 ## -
-- TEXTBOOKS (SBE)
-- 0.00
-- 5244
-- CBU-SCHOOL TEXTBOOK COLLECTIONS
-- 1
-- 0.00
-- SCHOOL TEXTBOOK
-- 3
-- AVAILABLE
-- Sep 2, 2009
-- 5244
-- School Collections
995 ## -
-- TEXTBOOKS (SBE)
-- 0.00
-- 5447
-- CBU-SCHOOL TEXTBOOK COLLECTIONS
-- 1
-- 0.00
-- SCHOOL TEXTBOOK
-- 5
-- AVAILABLE
-- Sep 8, 2009
-- 5447
-- School Collections
999 ## -
-- 75653
-- 75653
Holdings
Withdrawn status Lost status Source of classification or shelving scheme Damaged status Not for loan Permanent Location Current Location Shelving location Date acquired Total Checkouts Full call number Barcode Date last seen Copy number Price effective from Koha item type
          CBU-MAIN LIBRARY, KITWE. CBU-MAIN LIBRARY, KITWE.   04/24/2023   NA 2700 Ree 704038 04/24/2023 2 04/24/2023 MONOGRAPH
          CBU-SCHOOL TEXT BOOK COLLECTION CBU-SCHOOL TEXT BOOK COLLECTION   04/24/2023   SCHOOL TEXTBOOK 5446 04/24/2023 1 04/24/2023 MONOGRAPH
          CBU-SCHOOL TEXT BOOK COLLECTION CBU-SCHOOL TEXT BOOK COLLECTION   04/24/2023   SCHOOL TEXTBOOK 5505 04/24/2023 3 04/24/2023 MONOGRAPH
          CBU-SCHOOL TEXT BOOK COLLECTION CBU-SCHOOL TEXT BOOK COLLECTION   04/24/2023   SCHOOL TEXTBOOK 010083 04/24/2023 4 04/24/2023 MONOGRAPH
          CBU-SCHOOL TEXT BOOK COLLECTION CBU-SCHOOL TEXT BOOK COLLECTION   04/24/2023   SCHOOL TEXTBOOK 5244 04/24/2023 5 04/24/2023 MONOGRAPH
          CBU-SCHOOL TEXT BOOK COLLECTION CBU-SCHOOL TEXT BOOK COLLECTION   04/24/2023   SCHOOL TEXTBOOK 5447 04/24/2023 6 04/24/2023 MONOGRAPH